Zentralblatt für innere medizin. (Record no. 2410)

MARC details
000 -LEADER
campo de control de longitud fija 00781nas a2200277 i 4500
001 - NÚMERO DE CONTROL
campo de control 2410
003 - IDENTIFICADOR DE NÚMERO DE CONTROL
campo de control ES-MaACL
005 - FECHA Y HORA DE LA ÚLTIMA TRANSACCIÓN
campo de control 20250217134626.0
007 - CAMPO FIJO DE DESCRIPCIÓN FÍSICA--INFORMACIÓN GENERAL
campo de control de longitud fija t|
008 - DATOS DE LONGITUD FIJA--INFORMACIÓN GENERAL
campo de control de longitud fija 950801d18941943gw | | 1 ||er d
080 ## - NÚMERO DE LA CLASIFICACIÓN DECIMAL UNIVERSAL
Número de la Clasificación Decimal Universal 437
245 00 - MENCIÓN DEL TÍTULO
Título Zentralblatt für innere medizin.
260 ## - PUBLICACIÓN, DISTRIBUCIÓN, ETC.
Lugar de publicación, distribución, etc. Leipzig :
Nombre del editor, distribuidor, etc. Johann Ambrosius Barth,
Fecha de publicación, distribución, etc. 1894-1943? (
Fabricante Breitkopf)
300 ## - DESCRIPCIÓN FÍSICA
Extensión 3 v. ;
Dimensiones 23 cm.
310 ## - PERIODICIDAD ACTUAL
Periodicidad actual Mensual
362 0# - FECHAS DE PUBLICACIÓN Y/O DESIGNACIÓN SECUENCIAL
Fecha de publicación y/o designación secuencial 15.1894 - 64.1943[?]
650 14 - PUNTO DE ACCESO ADICIONAL DE MATERIA--TÉRMINO DE MATERIA
Término de materia o nombre geográfico como elemento de entrada Patología.
9 (RLIN) 15884
700 1# - ENTRADA AGREGADA--NOMBRE PERSONAL
Nombre de persona Schmidt, Adolf,
Término indicativo de función/relación
9 (RLIN) 104460
700 1# - ENTRADA AGREGADA--NOMBRE PERSONAL
Nombre de persona Volhard, Franz.
9 (RLIN) 115691
700 1# - ENTRADA AGREGADA--NOMBRE PERSONAL
Nombre de persona Grote, L.R.,
Término indicativo de función/relación
9 (RLIN) 227644
700 1# - ENTRADA AGREGADA--NOMBRE PERSONAL
Nombre de persona Hartwich, A.,
Término indicativo de función/relación
9 (RLIN) 227645
700 1# - ENTRADA AGREGADA--NOMBRE PERSONAL
Nombre de persona Bohn, H.
9 (RLIN) 29835
852 ## - LOCALIZACIÓN
Ubicación ES-MaACL
Número de control de estantería Hem-194
866 #0 - MENCIÓN TEXTUAL DE FONDOS--UNIDAD BIBLIOGRÁFICA BÁSICA
Fondos 1913-34(1935-36).
Holdings
Estatus retirado Estado de pérdida Estado de daño No para préstamo Colección Biblioteca de origen Biblioteca actual Ubicación en estantería Fecha de adquisición Fuente de adquisición Total de préstamos Signatura topográfica completa Código de barras Visto por última vez Precio de reemplazo Tipo de ítem Koha
        Periódicos y Revistas Biblioteca del Ateneo de Madrid Biblioteca del Ateneo de Madrid Depósito 1 17/01/2008     Hem-194 1002451 23/02/2023 23/02/2023 Revista